000 00560cam a22002053a 4500
001 44909
003 PGUSA
005 20140828084027.0
008 140214s2014||||xxu|||||s|||||000 | eng d
040 _aPGUSA
_beng
042 _adc
100 1 _aGodfrey, Elizabeth
245 1 4 _aThe New Forest
_h[electronic resource] /
_cElizabeth Godfrey
260 _bProject Gutenberg,
_c2014
506 _aPublic domain in the USA.
516 _aElectronic text
830 0 _aProject Gutenberg
_v44909
856 4 0 _uhttp://www.gutenberg.org/ebooks/44909
942 _cEB
999 _c274160
_d274160